| 000 | 00607nam a22002417a 4500 | ||
|---|---|---|---|
| 003 | OSt | ||
| 005 | 20180116182959.0 | ||
| 008 | 140905b xxu||||| |||| 00| 0 eng d | ||
| 020 | _a9788120345867 | ||
| 022 | _a9788120345867 | ||
| 040 | _c0 | ||
| 050 | _a658.15'99 | ||
| 082 | _a658.15'99 | ||
| 100 | _aSharan,Vyuptakesh | ||
| 245 |
_aInternational Financial Management. _cVyuptakesh Sharan |
||
| 250 | _a6th. | ||
| 260 |
_aDelhi _bPHI Learning. _c2013 |
||
| 300 | _a558p. | ||
| 500 | _aPaper Cover | ||
| 600 | _aSharan,Vyuptakesh | ||
| 700 | _aSharan,Vyuptakesh | ||
| 942 |
_2ddc _cBK _k658.15'99 |
||
| 999 |
_c349771 _d349771 |
||